The Lindisfarne Gospels and the early medieval world /

This accessible and visually inspiring book brings together historical, art historical, archaeological, palaeographical, codicological, spiritual and theological perspectives to explore and celebrate a major world treasure. It is lavishly illustrated with full-page colour illustrations of the major...

Full description

Saved in:
Bibliographic Details
Main Author: Brown, Michelle
Format: Book
Language:English
Published: London : British Library, 2011.
Subjects:
Tags: Add Tag
No Tags, Be the first to tag this record!
LEADER 02476cam a2200361 a 4500
001 012691663-2
005 20110315104445.0
008 100803s2011 enka 000 0 eng
015 |a GBB095367  |2 bnb 
016 7 |a 015623669  |2 Uk 
020 |a 9780712358019 (hbk.) 
020 |a 0712358013 (hbk.) 
035 0 |a ocn587198885 
040 |a UKM  |c UKM  |d BTCTA  |d YDXCP  |d ERASA  |d NDD  |d CDX  |d BWK  |d BWX  |d STF 
042 |a pcc 
043 |a e-uk-en 
050 4 |a ND3359.L5  |b B759 2011 
082 0 4 |a 091.0942889  |2 22 
100 1 |a Brown, Michelle  |q (Michelle P.) 
245 1 4 |a The Lindisfarne Gospels and the early medieval world /  |c Michelle P Brown. 
260 |a London :  |b British Library,  |c 2011. 
300 |a 184 p. :  |b col. ill. ;  |c 30 cm. 
504 |a Includes bibliographical references (p. 173-180) and index. 
505 0 |a The significance of the Lindisfarne Gospels -- The world of the Lindisfarne Gospels -- The biography of the book -- The text of the Lindisfarne Gospels -- The word made word : the palaeography of the Lindisfarne Gospels -- The art of the Lindisfarne Gospels -- The making of the Lindisfarne Gospels. 
520 |a This accessible and visually inspiring book brings together historical, art historical, archaeological, palaeographical, codicological, spiritual and theological perspectives to explore and celebrate a major world treasure. It is lavishly illustrated with full-page colour illustrations of the major pages of the Lindisfarne Gospels, of other associated treasures and of related places and archaeological sites and is written in a style that is accessible both to the informed general public, students and academic researchers. Placing the Lindisfarne Gospels firmly in its historical context, it incorporates exciting new finds such as the Prittlewell burial and the Staffordshire Hoard. It also includes new perspectives on relations between the British Isles, continental Europe and the Near East during the early Middle Ages in the light of recent research by the author. 
520 |a Michelle Brown presenting the facsimile of the Lindisfarne Gospels at the shrine of St Cuthbert, Durham Cathedral. Cecil Brown --Book Jacket. 
630 0 0 |a Lindisfarne Gospels. 
650 0 |a Illumination of books and manuscripts, Anglo-Saxon  |z England  |z Holy Island (Island) 
650 0 |a Illumination of books and manuscripts, Medieval  |z England  |z Holy Island (Island) 
899 |a 415_565082 
988 |a 20110217 
049 |a HLSS 
906 |0 OCLC